| 000 | 02709cam a2200385Ii 4500 | ||
|---|---|---|---|
| 001 | 964643817 | ||
| 005 | 20220304143749.0 | ||
| 008 | 161202s2017 oru b 001 0 eng d | ||
| 008 | b1c170811dmea f- | ||
| 020 | _a153260582X (hbk.) | ||
| 020 | _a9781532605826 (hbk.) | ||
| 020 | _a9781532605802 (pbk.) | ||
| 020 | _a1532605803 (pbk.) | ||
| 020 | _a9781532605819 (ebook) | ||
| 020 | _a1532605811 (ebook) | ||
| 100 | 1 |
_aJeon, Jeong Koo, _eauthor. |
|
| 245 | 1 | 0 |
_aBiblical theology _h[electronic resource] : _bcovenants and the Kingdom of God in redemptive history / _cJeong Koo Jeon ; foreword by Steve Baugh. |
| 246 | 3 | _aCovenants and the Kingdom of God in redemptive history. | |
| 260 |
_aEugene, Oregon : _bWipf & Stock, _c©2017. |
||
| 300 |
_a1 online resource (288 pages) ; _c26 cm. |
||
| 336 |
_atext _btxt _2rdacontent. |
||
| 337 |
_acomputer _bn _2rdamedia. |
||
| 338 |
_aonline resource _bnc _2rdacarrier. |
||
| 504 | _aIncludes bibliographical references (pages 251-262) and indexes. | ||
| 520 | 8 | _a"Dr. Jeon's Biblical Theology is a timely must-read for church leaders, seminarians, pastors, and missionaries in the Global Mission Field. It examines God's redemptive history in creation, fall, redemption, and consummation as revealed in the Old and New Testaments. Dr. Jeon delves into the grand redemptive drama, progressively demonstrated through the divine covenants, as well as the manifestation of the eschatological Kingdom of God. This book provides not only a proper redemptive historical vision of the Bible from Genesis to Revelation but also key ideas for the formation of a solid biblical worldview. Dr. Jeon demonstrates the intersection and union between biblical and systematic theology while exploring redemptive history. Dr. Jeon also emphasizes that we currently live in the eschatological age, inaugurated after Jesus Christ's death and resurrection as the Mediator of the New Covenant. This inaugurated eschatological Kingdom of God will be consummated after the Second Coming of Jesus. Meanwhile, the present age is occurring during the last days, in which we live in the era of Global Missions by God's grace. The community of the New Covenant church should humbly respond by participating in evangelism and missions, demonstrating to the world that God's final judgment is coming"--Back cover. | |
| 650 | 0 | _aRedemption. | |
| 650 | 0 |
_aRedemption _xJudaism. |
|
| 650 | 0 |
_aCovenants _xReligious aspects _xJudaism. |
|
| 650 | 0 | _aCovenant theology. | |
| 650 | 0 | _aKingdom of God. | |
| 655 | 4 | _aElectronic books | |
| 700 | _aBaugh, Steve | ||
| 856 | _uhttps://drive.google.com/file/d/1nb2NqN_R1lDhcqsqowQotcOSuU8XGOu5/view?usp=sharing | ||
| 942 |
_2lcc _cEBK |
||
| 999 |
_c50940 _d50940 |
||